The why and how of home horticulture.

Sábháilte in:
Sonraí bibleagrafaíochta
Príomhchruthaitheoir: Bienz, D.R (Údar)
Formáid: LEABHAR
Foilsithe / Cruthaithe: New York, USA: W.H. Freeman and Company, 1993.
Eagrán:Second edition.
Ábhair:
Clibeanna: Cuir clib leis
Níl clibeanna ann, Bí ar an gcéad duine le clib a chur leis an taifead seo!

MARC

LEADER 00000nam a22000007a 4500
003 CL-VaPUC
005 20220915101021.0
008 220830t1993 ||||| |||| 00| 0 eng d
999 |c 438582  |d 438580 
020 |a 0-7167-2286-0 
040 |c Pontificia Universidad Católica de Valparaíso 
082 |a 635 BIE 1993 
100 1 |a Bienz, D.R.,  |e author  |9 876141 
245 |a The why and how of home horticulture. 
250 |a Second edition. 
260 |a New York, USA:  |b W.H. Freeman and Company,  |c 1993. 
300 |a 587 páginas. 
500 |a c.1. Donación Escuela Agronomía. Memo Cur 25/07/2022. 
583 |c 20220830  |k Catalogador Asistente 
650 0 |a Horticultura  |9 259721 
650 0 |a Jardinería   |9 310804 
942 |2 ddc  |c BK 
952 |0 0  |1 0  |2 ddc  |4 0  |6 635_000000000000000_BIE_1993  |7 0  |8 A  |9 586528  |a BIBAGR  |b BIBAGR  |c GEN  |d 2022-08-30  |e Donación  |i 5654527  |o 635 BIE 1993  |p 5654527  |r 2025-01-20  |t 1  |w 2022-08-30  |y BK  |k AGR